[Event "Condigne Dutch Open 2018"]
[Site "Dieren"]
[Date "2018.07.27"]
[Round "4"]
[White "L'Ami, Erwin"]
[Black "Ikonnikov, Vyacheslav"]
[Result "1/2-1/2"]
[WhiteElo "2636"]
[BlackElo "2536"]
[Annotator "ChessBase"]
[PlyCount "122"]
[EventDate "2018.07.24"]
[EventType "swiss"]
[EventCountry "NED"]
[SourceTitle "playchess.com"]
[Source "ChessBase"]
[SourceQuality "1"]
[TimeControl "40/5400+30:1800+30"]

1. e4 {[%emt 0:00:00]} c5 {[%emt 0:00:09]} 2. Nf3 {[%emt 0:00:00]} Nc6 {[%emt 0:00:13]} 3. d4 {[%emt 0:00:00]} cxd4 {[%emt 0:00:19]} 4. Nxd4 {[%emt 0:00:03]} e5 {[%emt 0:00:17]} 5. Nb5 {[%emt 0:00:07]} d6 {[%emt 0:00:15]} 6. N1c3 {[%emt 0:00:08]} a6 {[%emt 0:00:21]} 7. Na3 {[%emt 0:00:06]} Be7 {[%emt 0:00:37]} 8. Be3 {[%emt 0:02:40]} Nf6 {[%emt 0:06:33]} 9. Nc4 {[%emt 0:00:33]} b5 {[%emt 0:00:07]} 10. Nb6 {[%emt 0:00:17]} Rb8 {[%emt 0:00:04]} 11. Nxc8 {[%emt 0:00:12]} Qxc8 {[%emt 0:00:05]} 12. Be2 {[%emt 0:00:28]} O-O {[%emt 0:09:52]} 13. O-O {[%emt 0:00:31]} Na5 {[%emt 0:01:42]} 14. Bg5 {[%emt 0:06:28]} Qb7 {[%emt 0:27:45]} 15. Bxf6 {[%emt 0:01:23]} Bxf6 {[%emt 0:00:04]} 16. Nd5 {[%emt 0:16:32]} Bd8 {[%emt 0:04:34]} 17. c3 {[%emt 0:07:38]} Nc6 {[%emt 0:08:55]} 18. Qd3 {[%emt 0:04:43]} Ne7 {[%emt 0:00:57]} 19. Rfd1 {[%emt 0:01:12]} Nxd5 {[%emt 0:01:23]} 20. Qxd5 {[%emt 0:01:04]} Bc7 {[%emt 0:00:20]} 21. Qxb7 {[%emt 0:03:30]} Rxb7 {[%emt 0:00:03]} 22. b4 {[%emt 0:02:45]} a5 {[%emt 0:02:38]} 23. Rd5 {[%emt 0:06:02]} Rfb8 {[%emt 0:00:25]} 24. Rc1 {[%emt 0:04:26]} Kf8 {[%emt 0:11:25]} 25. bxa5 {[%emt 0:05:07]} Ra7 {[%emt 0:02:47]} 26. Bxb5 {[%emt 0:03:33]} Rxa5 {[%emt 0:00:06]} 27. a4 {[%emt 0:00:18]} Ke7 {[%emt 0:00:05]} 28. Rcd1 {[%emt 0:03:28]} Rd8 {[%emt 0:00:42]} 29. g3 {[%emt 0:01:04]} Ra7 {[%emt 0:01:53]} 30. f4 {[%emt 0:03:17]} f6 {[%emt 0:01:32]} 31. Kg2 {[%emt 0:03:36]} Ba5 {[%emt 0:06:25]} 32. c4 {[%emt 0:01:57]} Bb6 {[%emt 0:00:45]} 33. R5d3 {[%emt 0:03:49]} Bd4 {[%emt 0:04:03]} 34. Rxd4 {[%emt 0:04:09]} exd4 {[%emt 0:00:06]} 35. Kf3 {[%emt 0:00:34]} Rda8 {[%emt 0:05:15]} 36. Ra1 {[%emt 0:00:42]} g5 {[%emt 0:02:45]} 37. f5 {[%emt 0:03:11]} h5 {[%emt 0:01:02]} 38. Ke2 {[%emt 0:02:01]} Kd8 {[%emt 0:01:19]} 39. Kd3 {[%emt 0:01:30]} Rc7 {[%emt 0:00:46]} 40. Kxd4 {[%emt 0:07:26]} Rc5 {[%emt 0:30:35]} 41. h4 {[%emt 0:03:32]} g4 {[%emt 0:00:00]} 42. a5 {[%emt 0:03:55]} Kc7 {[%emt 0:00:00]} 43. a6 {[%emt 0:04:11]} Kb6 {[%emt 0:00:00]} 44. a7 {[%emt 0:09:23]} Rxa7 {[%emt 0:00:00]} 45. Rxa7 {[%emt 0:00:07]} Kxa7 {[%emt 0:00:00]} 46. Be8 {[%emt 0:00:10]} Ra5 {[%emt 0:00:00]} 47. Bxh5 {[%emt 0:01:36]} Ra3 {[%emt 0:00:00]} 48. Bxg4 {[%emt 0:04:24]} Rxg3 {[%emt 0:00:00]} 49. Bh5 {[%emt 0:00:52]} Kb6 {[%emt 0:00:00]} 50. Kd5 {[%emt 0:00:09]} Kc7 {[%emt 0:00:00]} 51. Ke6 {[%emt 0:00:18]} Rh3 {[%emt 0:00:00]} 52. Kxf6 {[%emt 0:04:09]} Rxh4 {[%emt 0:00:00]} 53. Bf7 {[%emt 0:01:46]} Rxe4 {[%emt 0:00:00]} 54. Bd5 {[%emt 0:00:22]} Re1 {[%emt 0:00:00]} 55. Kf7 {[%emt 0:00:33]} Kd8 {[%emt 0:00:00]} 56. f6 {[%emt 0:00:21]} Kd7 {[%emt 0:00:00]} 57. Bg2 {[%emt 0:00:24]} Re3 {[%emt 0:00:00]} 58. Bd5 {[%emt 0:01:13]} Re1 {[%emt 0:00:00]} 59. Kg7 {[%emt 0:00:32]} Rg1+ {[%emt 0:00:00]} 60. Kf8 {[%emt 0:00:18]} Rf1 {[%emt 0:00:00]} 61. Kf7 {[%emt 0:00:51]} Kc7 {[%emt 0:11:51]} 1/2-1/2

[Event "Condigne Dutch Open 2018"]
[Site "Dieren"]
[Date "2018.07.27"]
[Round "4"]
[White "Reinderman, Dimitri"]
[Black "Himanshu, Sharma"]
[Result "1-0"]
[WhiteElo "2575"]
[BlackElo "2420"]
[Annotator "RC"]
[PlyCount "137"]
[EventDate "2018.07.24"]
[EventType "swiss"]
[EventCountry "NED"]
[SourceTitle "playchess.com"]
[Source "ChessBase"]
[SourceQuality "1"]
[TimeControl "40/5400+30:1800+30"]

1. f4 {[%emt 0:00:00]} d5 {[%emt 0:00:17]} 2. Nf3 {[%emt 0:00:00]} Nf6 {[%emt 0:00:38]} 3. g3 {[%emt 0:00:00]} Bf5 {[%emt 0:01:12]} 4. Bg2 {[%emt 0:00:00]} e6 {[%emt 0:00:07]} 5. d3 {[%emt 0:01:10]} Be7 {[%emt 0:01:02]} 6. O-O {[%emt 0:00:22]} h6 {[%emt 0:01:23]} 7. Ne5 {[%emt 0:04:10]} c6 {[%emt 0:07:57]} 8. Nd2 {[%emt 0:04:55]} O-O {[%emt 0:01:21]} 9. e4 {[%emt 0:02:59]} Bh7 {[%emt 0:00:07]} 10. Qe2 {[%emt 0:00:50]} Na6 {[%emt 0:04:10]} 11. Kh1 {[%emt 0:03:13]} Ne8 {[%emt 0:03:09]} 12. h4 {[%emt 0:19:31]} Nd6 {[%emt 0:03:24]} 13. h5 {[%emt 0:03:05]} Qe8 {[%emt 0:07:16]} 14. g4 {[%emt 0:10:01]} Nc7 {[%emt 0:04:12]} 15. b3 {[%emt 0:03:52]} f6 {[%emt 0:01:42]} 16. Nef3 {[%emt 0:03:24]} f5 {[%emt 0:12:27]} 17. Ne5 {[%emt 0:00:28]} Nf7 {[%emt 0:01:57]} 18. Bb2 {[%emt 0:08:35]} fxe4 {[%emt 0:00:17]} 19. dxe4 {[%emt 0:00:23]} Nxe5 {[%emt 0:00:17]} 20. Bxe5 {[%emt 0:00:23]} Qd7 {[%emt 0:01:12]} 21. Rad1 {[%emt 0:07:22]} Bf6 {[%emt 0:03:26]} 22. Bxf6 {[%emt 0:09:04]} gxf6 {[%emt 0:00:10]} 23. f5 {[%emt 0:01:13]} e5 {[%emt 0:02:38]} 24. exd5 {[%emt 0:03:03]} Nxd5 {[%emt 0:00:55]} 25. Nc4 {[%emt 0:00:54]} Rad8 {[%emt 0:09:19]} 26. Ne3 {[%emt 0:01:35]} Qf7 {[%emt 0:00:39]} 27. Nxd5 {[%emt 0:02:33]} cxd5 {[%emt 0:00:05]} 28. Qd2 {[%emt 0:00:13]} d4 {[%emt 0:00:34]} 29. Qxh6 {[%emt 0:00:29]} Kh8 {[%emt 0:00:48]} 30. g5 {[%emt 0:02:54]} fxg5 {[%emt 0:00:20]} 31. f6 {[%emt 0:00:18]} Qd7 {[%emt 0:00:58]} 32. Qxg5 {[%emt 0:03:48]} Rde8 {[%emt 0:03:24]} 33. Rf2 {[%emt 0:01:55]} Rf7 {[%emt 0:06:54]} 34. Rg1 {[%emt 0:01:35]} e4 {[%emt 0:01:16]} 35. Rf4 {[%emt 0:00:16]} e3 {[%emt 0:01:44]} 36. Qd5 {[%emt 0:01:54]} Bxc2 {[%emt 0:08:19]} 37. Rxd4 {[%emt 0:00:23]} Qxd5 {[%emt 0:01:40]} 38. Rxd5 {[%emt 0:00:34]} Rxf6 {[%emt 0:01:54]} 39. Re1 {[%emt 0:00:21]} e2 {[%emt 0:02:39]} 40. Kh2 {[%emt 0:01:36]} Re7 {[%emt 0:30:29]} 41. Rd2 {[%emt 0:01:36]} Bd1 {[%emt 0:00:00]} 42. Rd3 {[%emt 0:01:24]} Ref7 {[%emt 0:00:00]} 43. Rd8+ {[%emt 0:07:33]} Kg7 {[%emt 0:00:00]} 44. Rg1 {[%emt 0:01:37]} Rf2 {[%emt 0:00:00]} 45. Kh3 {[%emt 0:00:49]} Kf6 {[%emt 0:00:00]} 46. Rdxd1 {[%emt 0:08:42]} exd1=Q {[%emt 0:11:12]} 47. Rxd1 {[%emt 0:00:14]} Kg5 {[%emt 0:00:00]} 48. Rd5+ {[%emt 0:03:40]} Kh6 {[%emt 0:00:00]} 49. Be4 {[%emt 0:01:28]} Re7 {[%emt 0:00:00]} 50. Bg6 {[%emt 0:01:04]} Rxa2 {[%emt 0:00:00]} 51. Rd6 {[%emt 0:01:41]} Ra6 {[%emt 0:00:00]} 52. Rd3 {[%emt 0:01:01]} Rb6 {[%emt 0:00:00]} 53. Kg4 {[%emt 0:00:44]} Rf6 {[%emt 0:00:00]} 54. Rd4 {[%emt 0:01:07]} a5 {[%emt 0:00:00]} 55. Rd5 {[%emt 0:00:56]} b6 {[%emt 0:00:00]} 56. Rd8 {[%emt 0:00:14]} Kg7 {[%emt 0:00:00]} 57. Rd5 {[%emt 0:00:21]} Rc6 {[%emt 0:00:37]} 58. Kf4 {[%emt 0:01:15]} Rc3 {[%emt 0:01:04]} 59. Rd6 {[%emt 0:00:18]} b5 {[%emt 0:01:14]} 60. Bf5 {[%emt 0:00:52]} Kf7 {[%emt 0:03:29]} 61. h6 {[%emt 0:00:27]} Rb7 {[%emt 0:00:28]} 62. Rd8 {[%emt 0:01:13]} Rb6 {[%emt 0:00:29]} 63. h7 {[%emt 0:02:13]} Rh6 {[%emt 0:00:05]} 64. Kg5 {[%emt 0:00:49]} Rxh7 {[%emt 0:00:43]} 65. Rd7+ {[%emt 0:00:08]} Ke8 {[%emt 0:00:28]} 66. Rxh7 {[%emt 0:00:04]} Rxb3 {[%emt 0:00:09]} 67. Kf6 {[%emt 0:00:07]} Kd8 {[%emt 0:00:50]} 68. Rd7+ {[%emt 0:00:13]} Ke8 {[%emt 0:00:08]} 69. Rc7 {[%emt 0:00:17]} 1-0

[Event "Condigne Dutch Open 2018"]
[Site "Dieren"]
[Date "2018.07.27"]
[Round "4"]
[White "Chanda, Sandipan"]
[Black "Leenhouts, Koen"]
[Result "1/2-1/2"]
[WhiteElo "2548"]
[BlackElo "2483"]
[Annotator "ChessBase"]
[PlyCount "155"]
[EventDate "2018.07.24"]
[EventType "swiss"]
[EventCountry "NED"]
[SourceTitle "playchess.com"]
[Source "ChessBase"]
[SourceQuality "1"]
[TimeControl "40/5400+30:1800+30"]

1. d4 {[%emt 0:00:00]} d5 {[%emt 0:00:11]} 2. Nf3 {[%emt 0:00:44]} Nf6 {[%emt 0:00:09]} 3. Bf4 {[%emt 0:00:08]} e6 {[%emt 0:00:17]} 4. e3 {[%emt 0:00:12]} Bd6 {[%emt 0:00:09]} 5. Bg3 {[%emt 0:00:14]} O-O {[%emt 0:00:19]} 6. c4 {[%emt 0:00:27]} b6 {[%emt 0:06:33]} 7. cxd5 {[%emt 0:00:20]} exd5 {[%emt 0:02:30]} 8. Nc3 {[%emt 0:01:02]} Re8 {[%emt 0:08:08]} 9. Bxd6 {[%emt 0:06:20]} Qxd6 {[%emt 0:01:13]} 10. Be2 {[%emt 0:00:51]} c5 {[%emt 0:08:19]} 11. O-O {[%emt 0:03:11]} Nc6 {[%emt 0:01:40]} 12. Rc1 {[%emt 0:05:25]} Bg4 {[%emt 0:06:01]} 13. h3 {[%emt 0:16:56]} Bh5 {[%emt 0:07:17]} 14. dxc5 {[%emt 0:17:31]} bxc5 {[%emt 0:01:24]} 15. Na4 {[%emt 0:01:17]} Ne4 {[%emt 0:08:04]} 16. Nxc5 {[%emt 0:01:13]} Nxc5 {[%emt 0:00:56]} 17. Qc2 {[%emt 0:00:06]} Bxf3 {[%emt 0:00:32]} 18. Bxf3 {[%emt 0:00:25]} Ne5 {[%emt 0:00:14]} 19. Qxc5 {[%emt 0:00:09]} Nxf3+ {[%emt 0:01:41]} 20. gxf3 {[%emt 0:00:05]} Qf6 {[%emt 0:10:16]} 21. Qxd5 {[%emt 0:06:31]} Rad8 {[%emt 0:01:17]} 22. Qb7 {[%emt 0:10:45]} Qg6+ {[%emt 0:04:13]} 23. Kh2 {[%emt 0:01:10]} Rxe3 {[%emt 0:00:30]} 24. Rfd1 {[%emt 0:03:50]} Red3 {[%emt 0:09:12]} 25. Rxd3 {[%emt 0:00:55]} Qxd3 {[%emt 0:00:03]} 26. Rc8 {[%emt 0:00:17]} h5 {[%emt 0:02:40]} 27. Rxd8+ {[%emt 0:01:02]} Qxd8 {[%emt 0:00:02]} 28. Qxa7 {[%emt 0:22:54]} Qd5 {[%emt 0:02:06]} 29. b4 {[%emt 0:00:00]} Qxf3 {[%emt 0:01:39]} 30. Qe3 {[%emt 0:00:00]} Qd5 {[%emt 0:00:54]} 31. a3 {[%emt 0:00:00]} Qd6+ {[%emt 0:02:41]} 32. Kg1 {[%emt 0:00:00]} Qd1+ {[%emt 0:00:55]} 33. Kg2 {[%emt 0:00:00]} Qd5+ {[%emt 0:00:26]} 34. Qf3 {[%emt 0:00:00]} Qg5+ {[%emt 0:00:23]} 35. Kh2 {[%emt 0:00:00]} Qe5+ {[%emt 0:00:47]} 36. Qg3 {[%emt 0:00:00]} Qd4 {[%emt 0:02:16]} 37. Qe3 {[%emt 0:00:00]} Qd6+ {[%emt 0:00:17]} 38. Qg3 {[%emt 0:00:00]} Qd4 {[%emt 0:01:26]} 39. b5 {[%emt 0:00:00]} h4 {[%emt 0:00:03]} 40. Qe3 {[%emt 0:00:12]} Qd6+ {[%emt 0:42:47]} 41. f4 {[%emt 0:30:56]} Qd5 {[%emt 0:00:00]} 42. b6 {[%emt 0:00:00]} Qa2+ {[%emt 0:00:00]} 43. Kg1 {[%emt 0:00:00]} Qb1+ {[%emt 0:00:00]} 44. Kf2 {[%emt 0:00:00]} Qc2+ {[%emt 0:00:00]} 45. Kf3 {[%emt 0:00:00]} f5 {[%emt 0:00:00]} 46. Qd4 {[%emt 0:00:00]} Qb3+ {[%emt 0:00:00]} 47. Ke2 {[%emt 0:00:00]} Qc2+ {[%emt 0:00:00]} 48. Ke3 {[%emt 0:00:00]} Kh7 {[%emt 0:00:00]} 49. Qb4 {[%emt 0:00:00]} Qc1+ {[%emt 0:00:00]} 50. Kd4 {[%emt 0:00:00]} Qxf4+ {[%emt 0:00:00]} 51. Kd5 {[%emt 0:00:10]} Qf3+ {[%emt 0:00:00]} 52. Ke6 {[%emt 0:00:24]} Qc6+ {[%emt 0:00:00]} 53. Kxf5 {[%emt 0:00:36]} Qf3+ {[%emt 0:00:00]} 54. Ke5 {[%emt 0:00:43]} Qf6+ {[%emt 0:00:00]} 55. Kd5 {[%emt 0:00:18]} Qd8+ {[%emt 0:00:00]} 56. Qd6 {[%emt 0:06:31]} Qa8+ {[%emt 0:00:00]} 57. Ke6 {[%emt 0:02:10]} Qe8+ {[%emt 0:00:00]} 58. Kf5 {[%emt 0:00:15]} Qh5+ {[%emt 0:04:03]} 59. Kf4 {[%emt 0:00:39]} Qe2 {[%emt 0:00:21]} 60. Kg5 {[%emt 0:01:59]} Qe4 {[%emt 0:03:15]} 61. Kh5 {[%emt 0:00:55]} g6+ {[%emt 0:01:59]} 62. Kg5 {[%emt 0:00:02]} Qf5+ {[%emt 0:00:25]} 63. Kxh4 {[%emt 0:00:01]} Qf2+ {[%emt 0:00:15]} 64. Kg4 {[%emt 0:00:33]} Qg2+ {[%emt 0:00:16]} 65. Qg3 {[%emt 0:00:24]} Qe4+ {[%emt 0:00:33]} 66. Qf4 {[%emt 0:00:06]} Qe6+ {[%emt 0:00:18]} 67. Kg5 {[%emt 0:00:08]} Qe7+ {[%emt 0:00:56]} 68. Qf6 {[%emt 0:00:09]} Qc5+ {[%emt 0:00:29]} 69. Kh4 {[%emt 0:00:38]} Qc4+ {[%emt 0:00:51]} 70. Kg3 {[%emt 0:00:09]} Qd3+ {[%emt 0:00:39]} 71. Kf4 {[%emt 0:00:41]} Qf1+ {[%emt 0:00:24]} 72. Ke5 {[%emt 0:00:04]} Qb5+ {[%emt 0:00:23]} 73. Ke4 {[%emt 0:01:41]} Qe2+ {[%emt 0:00:04]} 74. Kd5 {[%emt 0:00:08]} Qb5+ {[%emt 0:00:03]} 75. Ke6 {[%emt 0:00:07]} Qxb6+ {[%emt 0:00:23]} 76. Kf7 {[%emt 0:00:04]} Qb3+ {[%emt 0:00:25]} 77. Qe6 {[%emt 0:00:24]} Qf3+ {[%emt 0:00:11]} 78. Qf6 {[%emt 0:01:26]} 1/2-1/2

[Event "Condigne Dutch Open 2018"]
[Site "Dieren"]
[Date "2018.07.27"]
[Round "4"]
[White "Pruijssers, Roeland"]
[Black "Anand Nadar"]
[Result "1/2-1/2"]
[WhiteElo "2501"]
[BlackElo "2346"]
[Annotator "RC"]
[PlyCount "105"]
[EventDate "2018.07.24"]
[EventType "swiss"]
[EventCountry "NED"]
[SourceTitle "playchess.com"]
[Source "ChessBase"]
[SourceQuality "1"]
[TimeControl "40/5400+30:1800+30"]

1. c4 {[%emt 0:00:00]} e6 {[%emt 0:01:51]} 2. g3 {[%emt 0:00:55]} Nf6 {[%emt 0:00:08]} 3. Nf3 {[%emt 0:00:57]} d5 {[%emt 0:00:17]} 4. Bg2 {[%emt 0:00:08]} Be7 {[%emt 0:00:32]} 5. b3 {[%emt 0:01:44]} O-O {[%emt 0:00:18]} 6. O-O {[%emt 0:02:22]} b6 {[%emt 0:00:10]} 7. Bb2 {[%emt 0:00:57]} c5 {[%emt 0:01:02]} 8. e3 {[%emt 0:03:08]} Bb7 {[%emt 0:00:57]} 9. Qe2 {[%emt 0:00:42]} Nc6 {[%emt 0:08:06]} 10. Rd1 {[%emt 0:04:16]} Rc8 {[%emt 0:05:55]} 11. d3 {[%emt 0:01:54]} Re8 {[%emt 0:06:12]} 12. Nbd2 {[%emt 0:06:46]} Qc7 {[%emt 0:05:59]} 13. Rac1 {[%emt 0:01:56]} e5 {[%emt 0:06:02]} 14. cxd5 {[%emt 0:11:21]} Nxd5 {[%emt 0:00:14]} 15. Nc4 {[%emt 0:00:06]} Bf8 {[%emt 0:03:32]} 16. a3 {[%emt 0:07:36]} Rcd8 {[%emt 0:02:39]} 17. Qf1 {[%emt 0:24:12]} Qb8 {[%emt 0:04:13]} 18. h3 {[%emt 0:00:07]} g6 {[%emt 0:15:00]} 19. Kh2 {[%emt 0:01:50]} Bg7 {[%emt 0:06:26]} 20. Ba1 {[%emt 0:00:19]} Ba8 {[%emt 0:06:29]} 21. Qh1 {[%emt 0:01:36]} h6 {[%emt 0:04:33]} 22. Nfd2 {[%emt 0:02:42]} Nde7 {[%emt 0:01:24]} 23. Ne4 {[%emt 0:00:09]} f5 {[%emt 0:03:22]} 24. Nc3 {[%emt 0:00:07]} b5 {[%emt 0:03:14]} 25. Nb2 {[%emt 0:00:02]} a6 {[%emt 0:06:17]} 26. Rd2 {[%emt 0:01:41]} Na5 {[%emt 0:01:00]} 27. Qd1 {[%emt 0:00:32]} Bxg2 {[%emt 0:00:12]} 28. Kxg2 {[%emt 0:00:02]} c4 {[%emt 0:04:23]} 29. bxc4 {[%emt 0:02:47]} bxc4 {[%emt 0:00:01]} 30. Rb1 {[%emt 0:00:25]} Nb3 {[%emt 0:00:52]} 31. Re2 {[%emt 0:00:58]} cxd3 {[%emt 0:00:57]} 32. Nxd3 {[%emt 0:00:21]} Qa8+ {[%emt 0:00:15]} 33. e4 {[%emt 0:00:06]} Nc5 {[%emt 0:01:03]} 34. Nxc5 {[%emt 0:01:41]} Rxd1 {[%emt 0:00:06]} 35. Rxd1 {[%emt 0:00:03]} Qc6 {[%emt 0:00:19]} 36. Nd3 {[%emt 0:00:07]} fxe4 {[%emt 0:00:36]} 37. Nxe4 {[%emt 0:01:09]} Qa4 {[%emt 0:01:06]} 38. Rdd2 {[%emt 0:01:03]} Nf5 {[%emt 0:00:47]} 39. Ndc5 {[%emt 0:01:48]} Qc6 {[%emt 0:00:36]} 40. f3 {[%emt 0:02:07]} Nd4 {[%emt 0:30:54]} 41. Re3 {[%emt 0:30:57]} Rb8 {[%emt 0:01:41]} 42. Bb2 {[%emt 0:01:27]} a5 {[%emt 0:00:00]} 43. Rc3 {[%emt 0:00:00]} Qd5 {[%emt 0:00:00]} 44. h4 {[%emt 0:00:00]} Qa2 {[%emt 0:00:00]} 45. Nd3 {[%emt 0:00:00]} Rf8 {[%emt 0:00:00]} 46. Rc7 {[%emt 0:00:00]} Nxf3 {[%emt 0:00:00]} 47. Bxe5 {[%emt 0:00:00]} Nxd2 {[%emt 0:00:50]} 48. Rxg7+ {[%emt 0:00:00]} Kh8 {[%emt 0:00:02]} 49. Rxg6+ {[%emt 0:00:01]} Kh7 {[%emt 0:00:01]} 50. Rg7+ {[%emt 0:00:09]} Kh8 {[%emt 0:00:00]} 51. Rd7+ {[%emt 0:03:13]} Kg8 {[%emt 0:00:02]} 52. Nc1 {[%emt 0:00:32]} Qxa3 {[%emt 0:02:13]} 53. Rg7+ {[%emt 0:17:46]} 1/2-1/2

[Event "Condigne Dutch Open 2018"]
[Site "Dieren"]
[Date "2018.07.27"]
[Round "4"]
[White "Loginov, Valery A"]
[Black "Lai, Hing Ting"]
[Result "1-0"]
[WhiteElo "2493"]
[BlackElo "2447"]
[Annotator "TA"]
[PlyCount "61"]
[EventDate "2018.07.24"]
[EventType "swiss"]
[EventCountry "NED"]
[SourceTitle "playchess.com"]
[Source "ChessBase"]
[SourceQuality "1"]

{[%evp 24,61,0,-20,0,-5,7,16,18,0,0,-33,-25,-66,-58,-66,-52,-54,-31,-54,8,0,124,120,237,225,478,454,445,107,124,132,638,632,633,633,599,598,598,593]} 1. Nf3 Nf6 2. g3 b6 3. Bg2 Bb7 4. O-O e6 5. d3 d5 6. Nbd2 c5 7. c3 Be7 8. e4 Nc6 9. Re1 Qc7 10. Nf1 O-O {C00: French: Unusual White 2nd moves} (10... dxe4 11. dxe4 Rd8 12. Qe2 Qc8 13. e5 Ba6 14. Qe3 Nd7 15. Qe4 Nf8 16. Ng5 Bb7 17. Qf4 Bxg5 18. Qxg5 Ng6 19. h4 O-O {1-0 (64) Carlsen,M (2853)-Nakamura,H (2787) chess.com INT 2016}) 11. e5 Nd7 12. Bf4 b5 13. h4 {[%cal Bh2h4,Bh4h5,Bh5h6][%mdl 32] LiveBook: 3 Games} a5 14. h5 b4 15. h6 $146 ({Predecessor:} 15. N1h2 a4 16. cxb4 Nxb4 17. a3 Nc6 18. Rc1 Qb6 19. Rc2 {1-0 (49) Narancic,V (2319)-Pastar,S (2139) Prijedor 2013}) 15... g6 16. Qd2 a4 17. cxb4 Nxb4 {Strongly threatening ...Ba6.} 18. a3 Nc6 19. Rad1 Ba6 20. Bg5 Bxg5 21. Qxg5 Rfb8 (21... Rab8 $15 22. Rd2 Rb3) 22. Ne3 $11 Rxb2 {[#]} ({Of course not} 22... Ncxe5 23. Nxe5 Qxe5 24. Qxe5 $14) (22... Ra7 $11) 23. Nxd5 $1 $16 {[%mdl 512]} exd5 (23... Qd8 $16) 24. e6 $18 fxe6 $2 (24... Nf8) 25. Rxe6 Nf8 {[#]} 26. Rxc6 $2 (26. Rf6 $1 $18 {and the rest is easy.}) 26... Qxc6 $16 {[#]} 27. Nd4 $1 $40 {[%cal Bf3d4,Bd4f5,Bf5e7][%mdl 672] White attacks with force.} Qd6 $2 {[%mdl 8192]} (27... cxd4 $16 28. Bxd5+ Ne6) 28. Nf5 $18 {White is clearly winning.} Qd8 29. Ne7+ Kf7 {Threatens to win with ...Ne6.} 30. Bxd5+ Ne6 31. Bxe6+ $1 {Precision: White = 35%, Black = 21%.} 1-0

[Event "Condigne Dutch Open 2018"]
[Site "Dieren"]
[Date "2018.07.27"]
[Round "4"]
[White "Anurag, Mhamal"]
[Black "Miedema, David"]
[Result "1-0"]
[WhiteElo "2484"]
[BlackElo "2370"]
[Annotator "TA"]
[PlyCount "61"]
[EventDate "2018.07.24"]
[EventType "swiss"]
[EventCountry "NED"]
[SourceTitle "playchess.com"]
[Source "ChessBase"]
[SourceQuality "1"]

{[%evp 17,61,30,42,42,33,37,46,34,39,20,27,41,25,27,77,66,107,107,108,115,114,107,129,136,149,144,315,312,333,258,299,283,389,398,371,368,470,452,478,437,500,472,1142,1067,29974,29974]} 1. e4 e6 2. d4 d5 3. Nd2 c5 4. exd5 exd5 5. Ngf3 Nc6 6. Bb5 Qe7+ 7. Be2 Qc7 {C09: French Tarrasch: 3...c5 4 exd5 exd5 5 Ngf3 Nc6} 8. O-O Nf6 9. Re1 (9. Bb5 cxd4 10. Re1+ Be7 11. Qe2 a6 12. Bxc6+ bxc6 13. Nxd4 Ra7 14. Qe5 c5 15. Nf5 Qxe5 16. Rxe5 Bxf5 17. Rxf5 {½-½ (41) Mamedov,R (2678)-Harikrishna,P (2733) Antalya 2017}) 9... Be6 {LiveBook: 17 Games. White has an edge.} 10. Bd3 O-O-O 11. dxc5 Bxc5 12. Nb3 Bb6 13. Be3 Bxe3 14. Rxe3 d4 $146 ({Predecessor:} 14... Rhe8 15. h3 {1-0 (36) Ovod,E (2366)-Zhukova,N (2426) Stary Smokovec 2018}) 15. Re1 Bg4 16. h3 $36 {[%mdl 2048] White has some pressure.} h5 {[#]} 17. Bb5 $1 Bxf3 18. Qxf3 Rd5 19. Bxc6 Qxc6 20. Re7 {[%cal Be1e7,Be7c7,Bc7c8][%mdl 32]} Rf8 21. Rae1 Kb8 $2 (21... Rd7 $16 {was necessary.}) 22. Qg3+ $18 Ka8 23. Rc7 Qb6 24. Qxg7 Rfd8 25. Qxf7 R5d6 26. Qc4 {Threatening mate with Rc8+.} a6 27. Ree7 Rb8 28. Rc8 Nd7 29. Ree8 {Threatens to win with Qg8.} h4 (29... Rc6 $142 30. Rxb8+ Nxb8) 30. Qg8 {[%cal Rc8b8]} Qa7 {[#]} 31. Nc5 $1 {[%mdl 512] Precision: White = 94%, Black = 33%.} 1-0

[Event "Condigne Dutch Open 2018"]
[Site "Dieren"]
[Date "2018.07.27"]
[Round "4"]
[White "Beerdsen, Thomas"]
[Black "De Jong, Migchiel"]
[Result "1-0"]
[WhiteElo "2469"]
[BlackElo "2339"]
[Annotator "ChessBase"]
[PlyCount "57"]
[EventDate "2018.07.24"]
[EventType "swiss"]
[EventCountry "NED"]
[SourceTitle "playchess.com"]
[Source "ChessBase"]
[SourceQuality "1"]
[TimeControl "40/5400+30:1800+30"]

1. e4 {[%emt 0:00:00]} e6 {[%emt 0:00:25]} 2. d4 {[%emt 0:00:00]} d5 {[%emt 0:00:11]} 3. Nc3 {[%emt 0:00:00]} Bb4 {[%emt 0:00:34]} 4. e5 {[%emt 0:00:00]} Ne7 {[%emt 0:01:17]} 5. a3 {[%emt 0:00:00]} Bxc3+ {[%emt 0:00:05]} 6. bxc3 {[%emt 0:00:00]} b6 {[%emt 0:00:39]} 7. Qg4 {[%emt 0:00:07]} Ng6 {[%emt 0:00:09]} 8. h4 {[%emt 0:00:05]} h5 {[%emt 0:00:09]} 9. Qd1 {[%emt 0:00:04]} c5 {[%emt 0:00:08]} 10. Bb5+ {[%emt 0:00:03]} Bd7 {[%emt 0:00:25]} 11. Bd3 {[%emt 0:00:04]} Ba4 {[%emt 0:00:24]} 12. Bg5 {[%emt 0:00:04]} Qc7 {[%emt 0:02:33]} 13. Ne2 {[%emt 0:01:06]} Nd7 {[%emt 0:00:46]} 14. O-O {[%emt 0:05:02]} Ngf8 {[%emt 0:11:52]} 15. Ng3 {[%emt 0:05:52]} f6 {[%emt 0:01:44]} 16. Bf4 {[%emt 0:05:10]} fxe5 {[%emt 0:01:42]} 17. Bg5 {[%emt 0:04:27]} g6 {[%emt 0:08:29]} 18. f4 {[%emt 0:10:20]} e4 {[%emt 0:02:51]} 19. Nxe4 {[%emt 0:05:00]} dxe4 {[%emt 0:11:04]} 20. Bxe4 {[%emt 0:00:05]} Rc8 {[%emt 0:00:49]} 21. d5 {[%emt 0:03:59]} c4 {[%emt 0:01:28]} 22. dxe6 {[%emt 0:03:52]} Nc5 {[%emt 0:00:54]} 23. Qd4 {[%emt 0:07:56]} Rg8 {[%emt 0:04:34]} 24. e7 {[%emt 0:00:10]} Nfe6 {[%emt 0:01:21]} 25. Qf6 {[%emt 0:00:18]} Nxe4 {[%emt 0:23:44]} 26. Qxe6 {[%emt 0:00:05]} Qc5+ {[%emt 0:00:54]} 27. Kh2 {[%emt 0:01:30]} Bxc2 {[%emt 0:01:17]} 28. Qxg8+ {[%emt 0:00:19]} Kd7 {[%emt 0:00:16]} 29. Qd8+ {[%emt 0:00:04]} 1-0